000 01190aam a2200337 i 4500
999 _c69183
_d69183
001 69183
003 Mx-PuUPA
005 20240410104312.0
008 201117s2019 sp ||||gr|||| 001 f spa d
020 _a9788490655252
040 _aMx-PuUPA
_bspa
_cMx-PuUPA
_dMx-PuUPA
_erda
041 1 _aspa
_heng
100 1 _910957
_aCather, Willa,
_d1873-1947
_eautor
240 1 0 _aAlexander's bridge.
_lEspañol
245 1 0 _aEl puente de Alexander /
_cWilla Cather ; traducción, Miguel Temprano García
250 _aPrimera edición
264 4 _aBarcelona :
_bAlba Editorial,
_c2019
300 _a118 páginas ;
_c22 cm
336 _2rdacontent
_atexto
_btxt
337 _2rdamedia
_asin medio
_bn
338 _2rdacarrier
_avolumen
_bnc
490 1 _aAlba Clásica ;
_vCXLVII
650 4 _aNovela norteamericana
_ySiglo XX
700 1 _aTemprano García, Miguel,
_etraductor
765 1 8 _aCather, Willa, 1873-1947,
_tAlexander's bridge.
800 1 _aMagrinyà, Luis,
_edirector
_tAlba Clásica ;
_vCXLVII
942 _2ddc
_cLI
_h813.541
_iC357